| 000 | 00884nam a2200241 a 4500 | ||
|---|---|---|---|
| 001 | 000026960 | ||
| 003 | DO-SdBNP | ||
| 005 | 20240301142627.0 | ||
| 007 | ta | ||
| 008 | 110328s1946 dr r 000 0 spa d | ||
| 040 |
_aDO-SdBNP _bspa _cBNPHU |
||
| 082 | 4 |
_a972.9304 _bM738ca _222 |
|
| 100 | 1 |
_aMonclús, Miguel Ángel, _d1873-1967 _931058 |
|
| 245 | 1 | 3 |
_aEl caudillismo en la República Dominicana / _cMiguel Ángel Monclús ; prólogo Sócrates Nolasco. |
| 260 |
_aCiudad Trujillo, República Dominicana : _bMontalvo, _c1946. |
||
| 300 |
_a134 p. ; _c21 cm. |
||
| 590 | _aInventariado, 2018/LP | ||
| 650 | 4 |
_aPresidentes _zRepública Dominicana _vBiografías _91288 |
|
| 651 | 4 |
_aRepública Dominicana _xPolítica y gobierno _xHistoria _y1844-1930 _954051 |
|
| 700 | 1 |
_aNolasco, Sócrates, _d1884-1980 _epról. _922323 |
|
| 910 | _aValidado. Control de calidad MFF | ||
| 942 |
_2ddc _cLBS1 |
||
| 999 |
_c26452 _d26452 |
||